000
00282nam a2200121Ia 4500
008
190216s9999||||xx |||||||||||||| ||und||
100
_a
Sundaram K P M
245
0
_a
Banking And Financial System
260
_b
Sulthan Chand&Sons
300
_a
604
650
_a
Commerce
942
_c
BK
999
_c
6940
_d
6940